|
|
|
|
| LEADER |
01405nam a2200349 a 4500 |
| 001 |
233 |
| 003 |
BD-DhAAL |
| 005 |
20150312094206.0 |
| 008 |
150312s1994 nyua b 001 0 eng |
| 010 |
|
|
|a 94011311
|
| 020 |
|
|
|a 0471004030 (cloth : acidfree paper)
|
| 020 |
|
|
|a 0471004111 (paper : acidfree paper)
|
| 040 |
|
|
|a DLC
|c DLC
|d DLC
|d BD-DhAAL
|
| 050 |
0 |
0 |
|a HF5861
|b .B57 1994
|
| 082 |
0 |
0 |
|a 659.13/3
|2 20
|
| 100 |
1 |
|
|a Bly, Robert W.
|9 9425
|
| 245 |
1 |
4 |
|a The perfect sales piece :
|b a complete do-it-yourself guide to creating brochures, catalogs, fliers, and pamphlets /
|c Robert W. Bly.
|
| 260 |
|
|
|a New York :
|b Wiley,
|c c1994.
|
| 300 |
|
|
|a 237 p. :
|b ill. ;
|c 25 cm.
|
| 490 |
|
|
|a Wiley small business editions
|
| 500 |
|
|
|a "Portions of this book previously appeared in Create the perfect sales piece, c1985"--T.p. verso.
|
| 504 |
|
|
|a Includes bibliographical references and index.
|
| 541 |
|
|
|e 233
|
| 650 |
|
0 |
|a Advertising, Direct-mail.
|9 9426
|
| 650 |
|
0 |
|a Commercial catalogs.
|9 9427
|
| 650 |
|
0 |
|a Advertising fliers.
|9 9428
|
| 650 |
|
0 |
|a Pamphlets.
|9 9429
|
| 650 |
|
0 |
|a Brochures.
|9 9430
|
| 700 |
1 |
|
|a Bly, Robert W.
|t Create the perfect sales piece.
|9 9431
|
| 942 |
|
|
|2 ddc
|c BK
|
| 999 |
|
|
|c 33980
|d 33980
|
| 952 |
|
|
|0 0
|1 0
|2 ddc
|4 0
|6 659_133000000000000_BLY
|7 0
|9 53036
|a SCL
|b SCL
|c GEN
|d 2015-03-12
|e Gift: The Asia Foundation
|l 1
|o 659.133 BLY
|p 3020000233
|r 2018-09-28
|s 2018-09-28
|t 1
|w 2015-03-12
|y BK
|